000 02143ngm a2200469 a 4500
005 20200320193926.0
008 150412s2015 eng d
024 1 _a841887023566
040 _aMMLLC
_beng
_cMMLLC
_erda
050 1 4 _aQL696.S473+
082 0 4 _a598.47
_222
245 0 0 _aNature. Penguin post office
_h[videorecording]/
_cPBS.
246 3 0 _aPenguin post office.
250 _aWidescreen.
264 1 _bPBS,
_c2015.
300 _a1 videodisc (60 min.) :
_bsd., col ;
_c4 3/4 in.
336 _atwo-dimensional moving image
337 _avideo
338 _avideodisc
344 _adigital
_boptical
_2rda.
347 _avideo file
_bDVD video
_eall regions
_2rda.
490 1 _aNature (television program).
500 _aTitle and description from available data. Subject to change.
520 _a"In the heart of the Antarctic Peninsula there's a unique British post office surrounded by jaw-dropping scenery including 3,000 Gentoo penguins. You will see their four-month drama unfold against the backdrop of their lives primarily, cruise ships with enthusiastic tourists to photograph the penguins, and buy postcards to send to friends and family around the world from the Penguin Post Office"
521 _aNR (Not Rated)
521 8 _aRating: not rated.
538 _aMultiple Formats, Color, Widescreen, NTSC.
546 _aEnglish audio.
650 0 _aPenguins.
_95899251
655 7 _aNature
_vTelevision series.
_2migfg.
_95899252
655 7 _aScience television programs.
_2lcsh.
_95687478
655 7 _aTelevision programs.
_2lcsh.
_95899253
710 2 _aWNET (Television station : New York, N.Y.)
_911208
710 2 _aPublic Broadcasting Service (PBS-U.S.)
_95899254
730 0 _aNature (Television program)
_921796
830 0 _aNature (television program).
_921796
830 0 _aNature (television program).
_921796
942 _cDVD
_05
948 _a06/05/2015
_zSirsi
949 _nwww.MicroMarketing.org 800-229-9887
996 _a118680
_b34301001429937
_cDVD
_dDVD
_ewcl
_fi
_g5
_h14.98
_lmicro
_m598.47 Nat
_p06/05/2015
_q02/13/2019
_r02/12/2019
999 _c286943
_d286943